Country Quiz: Guinea-Bissau Stats

Quiz not verified by Sporcle

Challenge
Share
Tweet
Embed
Score 0/26 Timer 05:00
0 Plays Today
Hint Answer % Correct
Bordering CountryGuinea
97%
Flag Colorred
94.7%
Flag Colorgreen
93.5%
Flag Coloryellow
92.3%
Flag Colorblack
90.5%
Capital CityBissau
84.6%
Largest CityBissau
84.6%
Bordering oceanAtlantic
83.4%
Main religion: 22.1% (2008 est.)Christianity
78.3%
Independence from...Portugal
76.9%
Main religion: 45.1% (2008 est.)Islam
76.1%
Bordering CountrySenegal
72.2%
Official languagePortuguese
72.2%
Hint Answer % Correct
Official NameRepublic of Guinea-Bissau
70.4%
Most spoke language (90.4% - 2008 est.)Crioulo
43.5%
Climatetropical
42.6%
Main ethnic group: 28.5% (2008 est.)Fula
37%
Main religion: 14.9% (2008 est.)Animism
37%
Main ethnic group: 14.7% (2008 est.)Mandinga
32.6%
Start of the Civil War (Year)1998
32.5%
Main ethnic group: 22.5% (2008 est.)Balanta
30.4%
Independence Day24 September 1973
27.8%
CurrencyWest African CFA franc
24.3%
Main archipelagoBissagos Islands
23.9%
Nationality (Demonym)Bissau-Guinean
23.1%
Internet Country Code.gw
18.3%

You're not logged in!

Compare scores with friends on all Sporcle quizzes.
Join for Free
OR
Log In

You Might Also Like...

Show Comments

Extras

Top Quizzes Today


Score Distribution

Your Account Isn't Verified!

In order to create a playlist on Sporcle, you need to verify the email address you used during registration. Go to your Sporcle Settings to finish the process.

Report this User

Report this user for behavior that violates our Community Guidelines.

Details: